|
|
|
|
| LEADER |
00000nam a2200000 a 4500 |
| 001 |
vtls001520656 |
| 003 |
SK-MaSNL |
| 005 |
20260302073915.0 |
| 008 |
240314 000 0 eng |
| 040 |
|
|
|a SNK
|b slo
|c SNK
|e AACR2
|
| 100 |
1 |
|
|a Bella, Ján Levoslav,
|d 1843-1936
|4 aut
|9 105955
|
| 245 |
1 |
0 |
|a Slávnostná predohra Es - dur
|b partitúra
|
| 260 |
|
|
|a Bratislava
|b Slovenský hudobný fond
|c 1958
|
| 300 |
|
|
|a 46 s.
|
| 999 |
|
|
|c 1162825
|d 1164755
|
| 952 |
|
|
|a SNK
|b SNK
|y VYP
|7 0
|p 17A0462416
|o snkHB 3609 D1
|i snkK 1951/62
|3 rekatalogizácia
|0 0
|1 0
|4 0
|d 2005-03-21
|l 0
|r 2026-02-24 20:38:57
|w 2026-02-24
|